00393nam a2200157Ia 450000500170000000800410001704000190005804100120007708200160008910000180010524500300012326000400015330000120019365000200020585000100022520230516133505.0131103s9999 xx 000 0 und d aLoreto College aEnglish a823.91bLAW aLawrence,D.H. aAaron's rodcD.H.Lawrence aHarmoundsworthbPenguin Booksc1975 a349 p.  aEnglish Fiction aLCLIB